00289nam a2200109Ia 4500100001100000654002200011245004800033260006100081082001700142300000800159546001200167 aAICTE  aMaching Processes aNon traditional Maching Processes C-NO: 244 bContinuing Education Programmer AICTEaBangalorec1992 a621.8bAICTE a241 aENGLISH